Normal view
MARC view
- Supervisor : Dr. Zartasha Mustansar
Entry Personal Name
001 - CONTROL NUMBER
- control field: 122204
003 - CONTROL NUMBER IDENTIFIER
- control field: NUST
005 - DATE AND TIME OF LATEST TRANSACTION
- control field: 20240325101000.0
008 - FIXED-LENGTH DATA ELEMENTS
- fixed length control field: 240325|| aca||aabn | a|a d
040 ## - CATALOGING SOURCE
- Original cataloging agency: NUST
- Transcribing agency: NUST
100 ## - HEADING--PERSONAL NAME
- Personal name: Supervisor : Dr. Zartasha Mustansar
670 ## - SOURCE DATA FOUND
- Source citation: Work cat.: (NUST): Uzair Ul Haq ,Muhammad 122203, Computational Modeling of Human Head Model for Correlation Study of Cerebrospinal Fluid and Tumor /
